Biblioteca

The blood of the martyrs : (Registro nro. 68943)

Detalles MARC
000 -LÍDER
Campo fijo de descripción fija 01611nam a2200349 i 4500
001 - NÚMERO DE CONTROL
Campo de control 768714001
003 - IDENTIFICADOR DEL NÚMERO DE CONTROL
Campo de control CO-MdFUSB
005 - FECHA Y HORA DE LA ULTIMA TRANSACCIÓN
control field 20240715144138.0
007 - CAMPO FIJO DE DESCRIPCIÓN FIJA--INFORMACIÓN GENERAL
Campo fijo de descripción fija ta
008 - ELEMENTOS DE LONGITUD FIJA -- INFORMACIÓN GENERAL
Campo fijo de descripción fija -- Información general 950607t1994 -us 000 | eng
020 ## - NÚMERO INTERNACIONAL NORMALIZADO PARA LIBROS
Número Internacional Normalizado del libro 0802471072
040 ## - FUENTE DE CATALOGACIÓN
Agencia de catalogación original DLC
Agencia que realiza la transcripción CO-MdFUSB
Agencia que realiza la modificación CO-MdFUSB
Idioma de catalogación spa
Convenciones de la descripción rda
041 ## - CÓDIGO DE IDIOMA
Código de idioma para texto/pista de sonido o título separado eng
082 ## - NÚMERO DE CLASIFICACIÓN DECIMAL DEWEY
Número de la edición del Dewey 23
Número de clasificación 272.092
Clave de autor-Numero de item N194b
100 1# - ASIENTO PRINCIPAL--NOMBRE PERSONAL
Nombre personal Mitchison, Naomi,
Término relacionador autor
245 14 - TÍTULO
Título del Material The blood of the martyrs :
Parte restante del título - Subtitulo how the slaves in Rome found victory in Christ /
Mención de responsabilidad, etc. Naomi Mitchison ; editado por James S. Bell, Jr.
264 #1 - PRODUCCIÓN, PUBLICACIÓN, DISTRIBUCIÓN, MANUFACTURA, Y COPYRIGHT
Lugar de producción, publicación, distribución, manufactura Chicago, Estados Unidos :
Nombre del productor, publicador, distribuidor Moody Press,
Fecha de producción, publicación, distribución, manufactura, o copyright [1994]
264 #4 - PRODUCCIÓN, PUBLICACIÓN, DISTRIBUCIÓN, MANUFACTURA, Y COPYRIGHT
Fecha de producción, publicación, distribución, manufactura, o copyright © 1994
300 ## - DESCRIPCIÓN FÍSICA
Extensión 422 páginas ;
Dimensiones 23 cm.
336 ## - TIPO DE CONTENIDO
Fuente rdacontent
Término de tipo de contenido texto
Código de tipo de contenido txt
337 ## - TIPO DE MEDIO
Fuente rdamedia
Nombre del tipo de medio sin mediación
Código del tipo de medio n
338 ## - TIPO DE SOPORTE
Fuente rdacarrier
Nombre del tipo de soporte volumen
Código Tipo de soporte nc
505 ## - NOTA DE CONTENIDO
Nota de contenido con formato preestablecido Beric – Manases y Josías – Persis, Eunice y Phaon – Argas – Lalage y sophrosyne – Rhodon, Phineas and Sapphira, Sotion y Dapyx – Níger – Euphemia – La señal de la cruz – el primer sacramento – el segundo sacramento – la tentación de Beric – compromiso – los camaradas – los jefes – fines y medios – el individuo y el estado – aplastarlo – dificultades de un frente único – métodos estatales – el tercer sacramento – la semilla de la iglesia – la doctrina de la eficiencia – negocios reunión
563 ## - NOTA DE ENCUADERNACIÓN
Nota de encuadernación Rustico
650 #7 - ASIENTO SECUNDARIO DE MATERIA - TERMINO TEMÁTICO
Término temático o nombre geográfico como elemento de entrada Iglesia
Subdivisión cronológica (Iglesia primitiva), ca. 0030-0600
Subdivisión general Historia
9 (RLIN) 659
650 #0 - ASIENTO SECUNDARIO DE MATERIA - TERMINO TEMÁTICO
Término temático o nombre geográfico como elemento de entrada Persecuciones religiosas
9 (RLIN) 1026
653 ## - TÉRMINO DE INDIZACIÓN - NO CONTROLADO
Término no controlado Martires
700 1# - ASIENTO SECUNDARIO - NOMBRE PERSONAL
Nombre personal Bell, James S.
Responsabilidad editor
942 ## - TIPO DE MATERIAL (KOHA)
Tipo de Item KOHA Libros General
945 ## - INFORMACIÓN LOCAL DEL REGISTRO
Catalogador Mag1104
Existencias
Estado de Material Estado de Perdido Forma de Clasificación Estado de Dañado No para Préstamo Colección Biblioteca de Origen Biblioteca Permanente Fecha de Adquisición Área Total de Préstamos Signatura Topográfica Código de Barras Última vez visto Ejemplar/Existencia Fecha de Remplazo Tipo de Material
    Dewey Decimal Classification     Colección General Biblioteca FUSBC Biblioteca FUSBC 21/06/2023 BIBLIA   G 272.092 N194b 22632 21/06/2023 Ej. 1 21/06/2023 Libros General

Biblioteca FUSBC | Teléfono: (57+4) 349 88 10 Ext. 141| WhatsApp (+57) 3005338115 
E-mail: biblioteca@unisbc.edu.co | Calle 76 87-14 Robledo Palenque, Medellín, Colombia

Con tecnología Koha